Statistics for Title In The Lyrics - 1990s

Click here to take the quiz!

General Stats

  • This quiz has been taken 56 times
  • The average score is 7 of 15

Answer Stats

lyricsAnswer% Correct
If you _____ __ my lover, you gotta get with my friends / (Gotta get with my friends) / Make it last forever, friendship never ends.Wannabe - Spice Girls
98%
I'm a ______ ____ in a ______ world / Life in plastic, it's fantastic.Barbie Girl - Aqua
86%
My loneliness is killing me (and I) / I must confess I still believe (still believe) / When I'm not with you I lose my mind / Give me a sign / Hit me, ____ ___ ____ ____....Baby One More Time - Britney Spears
84%
Am I, your fire? / Your one, desire / Yes I know, it's too late / But _ ____ __ ____ ___ / Tell me why.I Want It That Way - Backstreet Boys
82%
Don't go chasing __________ / Please stick to the rivers and the lakes that you're used to / I know that you're gonna have it your way or nothing at all.Waterfalls - TLC
68%
If it hadn't been for ______-___ ___ / I'd been married a long time ago / Where did you come from, where did you go? / Where did you come from, ______-___ ___?Cotton-Eye Joe - Rednex.
60%
Rock your body / _________ / Rock your body right / Backstreet's back alrightEverybody - Backstreet Boys
50%
'Cause even when I dream of you / The sweetest dream will never do / I'd still miss you baby / And _ ___'_ ____ __ ____ _ _____.I Don't Want To Miss A Thing - Aerosmith
50%
But, if you're thinkin' about my baby / It don't matter if you're _____ __ ____ / They print my message in the Saturday Sun / I had to tell them I ain't second to none.Black Or White - Michael Jackson
36%
Although we've come / To the ___ __ ___ ____ / Still I can't let go / It's unnatural / You belong to me I belong to you.End Of The Road - Boyz II Men
30%
I'll be your hope, I'll be your love, be everything that you need / I love you more with every breath, _____ _____ ______ do.Truly Madly Deeply - Savage Garden.
20%
______' _____ ____ __ / Na na na na na na na nana / Na na na na nana.Gettin' Jiggy Wit It - Will Smith
6%
What my life would be holding you close to me / Will I ever see you smiling back at me? / (Oh yeah) how will I know __ _ ___ ___ __?If I Let You Go - Westlife
6%
And we'll linger on / Time can't erase a feeling this strong / No way you're never gonna shake me / Ooh darling 'cause you'll ______ __ __ ____.Always Be My Baby - Mariah Carey
4%
_____'_ ___ ____? It's not enough / It makes the world go 'round and 'round and _____'_ ___ ____? / Just give it up / It makes the world go 'round and 'round and 'round.Where's The Love? - Hanson.
4%

Score Distribution

Percentile by Number Answered

Percent of People with Each Score

Your Score History

You have not taken this quiz